Streets Won't Forget 4 (random footballers) - Statistics

General Stats
  • This quiz has been taken 32 times
  • The average score is 10 of 16
Answer Stats
Picture Answer % Correct
Theo Walcott
96%
Danny Drinkwater
93%
Shinji Kagawa
93%
Julian Draxler
85%
Michael Carrick
85%
Leighton Baines
78%
João Moutinho
74%
Javier Pastore
63%
Fernando Llorente
59%
Jese Rodriguez
59%
Stevan Jovetic
59%
Aaron Lennon
52%
Johan Cabaye
52%
Loic Remy
52%
Roberto Soldado
37%
Ganso
11%
No matching quizzes found
Score Distribution
Percent of People with Each Score
Percentile by Number Answered
Your Score History
You have not taken this quiz